[Event "GER-ch Blitz"]
[Site "Munich"]
[Date "2025.05.24"]
[Round "17"]
[White "Gloeckler, Christian"]
[Black "Langheinrich, Ferenc"]
[Result "1-0"]
[WhiteElo "2429"]
[BlackElo "2346"]
[PlyCount "54"]
[EventDate "2025.05.24"]
[EventType "tourn (blitz)"]
[EventRounds "29"]
[EventCountry "GER"]
[EventCategory "6"]
[SourceTitle "CB22_2025"]
[SourceDate "2025.05.28"]
[SourceVersion "1"]
[SourceVersionDate "2025.05.28"]
[SourceQuality "1"]

1. e4 e5 2. Nf3 Nc6 3. Bc4 Bc5 4. c3 Nf6 5. d4 exd4 6. b4 Bb6 7. e5 d5 8. exf6 dxc4 9. Qe2+ Be6 10. b5 Na5 11. fxg7 Rg8 12. cxd4 Qd7 13. Nc3 0-0-0 14. Bb2 Rde8 15. 0-0-0 Bf5 16. Ne5 Qe6 17. g4 Bd3 18. Nxd3 Qxe2 19. Nxe2 Rxe2 20. Nf4 Rxf2 21. Nh5 c3 22. Bxc3 Nc4 23. Rhf1 Rxf1 24. Rxf1 Nd6 25. Bb4 Bxd4 26. Bxd6 Bxg7 27. Rxf7 Bh6+ 1-0

[Event "GER-ch Blitz"]
[Site "Munich"]
[Date "2025.05.24"]
[Round "26"]
[White "Langheinrich, Ferenc"]
[Black "Barzen, Pascal"]
[Result "1-0"]
[WhiteElo "2346"]
[BlackElo "2348"]
[PlyCount "58"]
[EventDate "2025.05.24"]
[EventType "tourn (blitz)"]
[EventRounds "29"]
[EventCountry "GER"]
[EventCategory "6"]
[SourceTitle "CB22_2025"]
[SourceDate "2025.05.28"]
[SourceVersion "1"]
[SourceVersionDate "2025.05.28"]
[SourceQuality "1"]

1. e4 c6 2. Nf3 d5 3. d3 g6 4. Qe2 Bg7 5. g3 e6 6. Bg2 Nf6 7. e5 Nfd7 8. d4 c5 9. c3 b6 10. Bg5 Qc7 11. Nbd2 h6 12. Be3 Ba6 13. Qd1 Nc6 14. a3 0-0 15. h4 f6 16. exf6 Nxf6 17. Bf4 Qb7 18. Bh3 Rae8 19. Qc2 cxd4 20. cxd4 e5 21. dxe5 Nh5 22. e6 Rxf4 23. Qxg6 Ref8 24. Qxh5 R4f6 25. 0-0-0 Bd3 26. Qxd5 Nb4 27. Qb3 Qc6+ 28. Nc4 Bxc4 29. Qxb4 Bd3+ 1-0

[Event "GER-ch Blitz"]
[Site "Munich"]
[Date "2025.05.24"]
[Round "20"]
[White "Langheinrich, Ferenc"]
[Black "Nothnagel, Marian Can"]
[Result "0-1"]
[WhiteElo "2346"]
[BlackElo "2434"]
[PlyCount "134"]
[EventDate "2025.05.24"]
[EventType "tourn (blitz)"]
[EventRounds "29"]
[EventCountry "GER"]
[EventCategory "6"]
[SourceTitle "CB22_2025"]
[SourceDate "2025.05.28"]
[SourceVersion "1"]
[SourceVersionDate "2025.05.28"]
[SourceQuality "1"]

1. e4 e5 2. Nf3 Nc6 3. Bb5 a6 4. Ba4 Nf6 5. Qe2 d6 6. c3 g6 7. d4 b5 8. Bc2 Bg7 9. h3 0-0 10. d5 Ne7 11. a4 b4 12. cxb4 c6 13. dxc6 Nxc6 14. Nc3 Nxb4 15. Bb3 a5 16. 0-0 Ba6 17. Bc4 Bxc4 18. Qxc4 Rc8 19. Qe2 d5 20. exd5 e4 21. Nxe4 Re8 22. Nxf6+ Bxf6 23. Qd1 Qxd5 24. Qxd5 Nxd5 25. Bd2 Nb4 26. Bc3 Bxc3 27. bxc3 Rxc3 28. Rfd1 Re2 29. Rd2 Rxd2 30. Nxd2 f5 31. Kf1 Kf7 32. Nf3 Kf6 33. h4 Rc2 34. Nd4 Rb2 35. Nf3 Nd3 36. Rd1 Nxf2 37. Rd6+ Ke7 38. Ra6 Nd1 39. Rxa5 Ne3+ 40. Ke1 Rxg2 41. Ra7+ Kd6 42. Rxh7 Kd5 43. a5 Ra2 44. Rg7 Rxa5 45. Rxg6 Ke4 46. Nd2+ Kf4 47. Ke2 Ra2 48. Kd3 Ng4 49. Rg8 Ne5+ 50. Kc3 Ra3+ 51. Kb2 Rh3 52. Rh8 Ke3 53. Kc2 Rh2 54. Rd8 Nf3 55. Kc3 Rxd2 56. Re8+ Kf4 57. h5 Rh2 58. Rh8 Ng5 59. Kd4 Kg4 60. Ke5 f4 61. Kf6 Ne4+ 62. Ke5 Ng3 63. h6 Rh5+ 64. Ke6 Ne4 65. Rg8+ Ng5+ 66. Kf6 Rxh6+ 67. Ke5 f3 0-1

[Event "GER-ch Blitz"]
[Site "Munich"]
[Date "2025.05.24"]
[Round "2"]
[White "Langheinrich, Ferenc"]
[Black "Schneider, Bernd"]
[Result "1-0"]
[WhiteElo "2346"]
[BlackElo "2339"]
[PlyCount "52"]
[EventDate "2025.05.24"]
[EventType "tourn (blitz)"]
[EventRounds "29"]
[EventCountry "GER"]
[EventCategory "6"]
[SourceTitle "CB22_2025"]
[SourceDate "2025.05.28"]
[SourceVersion "1"]
[SourceVersionDate "2025.05.28"]
[SourceQuality "1"]

1. e4 g6 2. d4 Bg7 3. Nc3 c6 4. Nf3 d5 5. h3 Nh6 6. Bf4 f6 7. Qd2 Nf7 8. h4 0-0 9. Be3 e6 10. a4 f5 11. e5 c5 12. dxc5 Nc6 13. h5 Ncxe5 14. Nxe5 Nxe5 15. 0-0-0 Ng4 16. Bg5 Qa5 17. f3 d4 18. Nb5 Qxa4 19. Kb1 Ne3 20. Bd3 Bd7 21. Nd6 Nxd1 22. Rxd1 Qc6 23. hxg6 Qxc5 24. Be7 hxg6 25. Nxf5 Qc7 26. Nh6+ Bxh6 1-0

[Event "GER-ch Blitz"]
[Site "Munich"]
[Date "2025.05.24"]
[Round "18"]
[White "Langheinrich, Ferenc"]
[Black "Stein, Robert"]
[Result "1/2-1/2"]
[WhiteElo "2346"]
[BlackElo "2422"]
[PlyCount "76"]
[EventDate "2025.05.24"]
[EventType "tourn (blitz)"]
[EventRounds "29"]
[EventCountry "GER"]
[EventCategory "6"]
[SourceTitle "CB22_2025"]
[SourceDate "2025.05.28"]
[SourceVersion "1"]
[SourceVersionDate "2025.05.28"]
[SourceQuality "1"]

1. e4 e5 2. Nf3 Nc6 3. Bb5 a6 4. Bxc6 dxc6 5. 0-0 Qf6 6. d3 Ne7 7. Nbd2 Ng6 8. Re1 c5 9. Nf1 Bd6 10. Ng3 0-0 11. Bg5 Qe6 12. Be3 f6 13. a4 a5 14. b3 b6 15. Nd2 Qf7 16. Nf5 Rd8 17. Nc4 Bf8 18. Qf3 Ne7 19. Ng3 Nc6 20. h4 Nd4 21. Bxd4 cxd4 22. h5 g6 23. hxg6 hxg6 24. Kf1 Bh6 25. Ke2 Kg7 26. Rh1 Qe6 27. Rh2 Qg4 28. Qxg4 Bxg4+ 29. f3 Be6 30. Rah1 Rh8 31. Nf1 Bg5 32. g3 Rxh2+ 33. Rxh2 Rd8 34. Na3 c6 35. Nd2 Bxd2 36. Kxd2 Rb8 37. Rh1 Bf7 38. Nc4 Bxc4 1/2-1/2

[Event "GER-ch Blitz"]
[Site "Munich"]
[Date "2025.05.24"]
[Round "16"]
[White "Langheinrich, Ferenc"]
[Black "Zuferi, Enis"]
[Result "1-0"]
[WhiteElo "2346"]
[BlackElo "2351"]
[PlyCount "65"]
[EventDate "2025.05.24"]
[EventType "tourn (blitz)"]
[EventRounds "29"]
[EventCountry "GER"]
[EventCategory "6"]
[SourceTitle "CB22_2025"]
[SourceDate "2025.05.28"]
[SourceVersion "1"]
[SourceVersionDate "2025.05.28"]
[SourceQuality "1"]

1. e4 c5 2. Nf3 d6 3. d4 cxd4 4. Nxd4 Nf6 5. Nc3 a6 6. a3 e5 7. Nf5 d5 8. Bg5 d4 9. Bxf6 gxf6 10. Ne2 Be6 11. Neg3 Rg8 12. Bd3 Qb6 13. 0-0 Nd7 14. b4 Rc8 15. Qh5 h6 16. Qf3 Rc3 17. Ne2 Rc7 18. Kh1 a5 19. Rfc1 Kd8 20. c4 dxc3 21. Nxc3 axb4 22. axb4 Rc8 23. Ne3 Qxb4 24. Ncd5 Rxc1+ 25. Rxc1 Qa3 26. Rd1 Be7 27. Bb5 Qa5 28. Bxd7 Bxd7 29. Nxe7 Kxe7 30. Nd5+ Kf8 31. Qxf6 Be6 32. Qxh6+ Ke8 33. Nf6+ 1-0

[Event "GER-ch Blitz"]
[Site "Munich"]
[Date "2025.05.24"]
[Round "29"]
[White "Rosner, Jonas"]
[Black "Langheinrich, Ferenc"]
[Result "1/2-1/2"]
[WhiteElo "2426"]
[BlackElo "2346"]
[PlyCount "59"]
[EventDate "2025.05.24"]
[EventType "tourn (blitz)"]
[EventRounds "29"]
[EventCountry "GER"]
[EventCategory "6"]
[SourceTitle "CB22_2025"]
[SourceDate "2025.05.28"]
[SourceVersion "1"]
[SourceVersionDate "2025.05.28"]
[SourceQuality "1"]

1. Nf3 Nf6 2. c4 e6 3. Nc3 d5 4. e3 Be7 5. b3 0-0 6. Bb2 b6 7. cxd5 exd5 8. d4 Bb7 9. Bd3 c5 10. 0-0 Nc6 11. Ne2 Nb4 12. Ng3 Nxd3 13. Qxd3 Ne4 14. Rfd1 Qc8 15. Rac1 Qe6 16. dxc5 bxc5 17. Qc2 Nxg3 18. hxg3 Rac8 19. Qc3 Bf6 20. Qd2 Be7 21. Qa5 Qb6 22. Qc3 Bf6 23. Qd2 Be7 24. Bc3 Rfe8 25. Qb2 Bf8 26. Qd2 h6 27. Nh4 Qe6 28. Qc2 Ba8 29. Nf3 Bb7 30. Bb2 1/2-1/2

[Event "Titled Tuesday intern op 18th Mar Late"]
[Site "Chess.com INT"]
[Date "2025.03.18"]
[Round "1"]
[White "Langheinrich, Ferenc"]
[Black "Vila Dupla, Aurelio"]
[Result "1-0"]
[WhiteElo "2343"]
[BlackElo "2056"]
[PlyCount "65"]
[EventDate "2025.03.18"]
[EventType "swiss (blitz)"]
[EventRounds "11"]
[EventCountry "USA"]
[SourceTitle "CB13_2025"]
[SourceDate "2025.03.26"]
[SourceVersion "1"]
[SourceVersionDate "2025.03.26"]
[SourceQuality "1"]

1. e4 c5 2. Nf3 d6 3. d4 cxd4 4. Nxd4 Nf6 5. Nc3 g6 6. Be3 Bg7 7. f3 0-0 8. Qd2 Nc6 9. Bc4 Bd7 10. 0-0-0 Qa5 11. h4 Rfc8 12. Bb3 Ne5 13. h5 Nxh5 14. g4 Nf6 15. Bh6 Bxh6 16. Qxh6 Rxc3 17. bxc3 Qxc3 18. Kb1 Rc8 19. Qd2 Qc7 20. g5 Nh5 21. f4 Nc4 22. Qc1 e5 23. Nf5 Bxf5 24. exf5 Nxf4 25. Rh2 Qc5 26. fxg6 hxg6 27. Rdh1 Nh5 28. Rxh5 gxh5 29. g6 fxg6 30. Qg5 Kg7 31. Rh2 Na3+ 32. Kb2 Nc4+ 33. Kb1 1-0

[Event "Titled Tuesday intern op 11th Mar Early"]
[Site "Chess.com INT"]
[Date "2025.03.11"]
[Round "2"]
[White "Hehir, Michael"]
[Black "Langheinrich, Ferenc"]
[Result "0-1"]
[WhiteElo "2009"]
[BlackElo "2343"]
[PlyCount "38"]
[EventDate "2025.03.11"]
[EventType "swiss (blitz)"]
[EventRounds "11"]
[EventCountry "USA"]
[SourceTitle "CB12_2025"]
[SourceDate "2025.03.19"]
[SourceVersion "1"]
[SourceVersionDate "2025.03.19"]
[SourceQuality "1"]

1. d4 Nf6 2. c4 e6 3. Nf3 d5 4. Nc3 Bb4 5. Qb3 a5 6. g3 0-0 7. Bg2 b6 8. 0-0 dxc4 9. Qxc4 Ba6 10. Qb3 Bxc3 11. Qxc3 Bxe2 12. Re1 Bxf3 13. Bxf3 Nd5 14. Bxd5 Qxd5 15. Qxc7 Nc6 16. Qxb6 Nxd4 17. Be3 Nf3+ 18. Kf1 Nxh2+ 19. Ke2 Qc4+ 0-1

[Event "Titled Tuesday intern op 11th Mar Early"]
[Site "Chess.com INT"]
[Date "2025.03.11"]
[Round "7"]
[White "Langheinrich, Ferenc"]
[Black "Parpiev, Isaak"]
[Result "1-0"]
[WhiteElo "2343"]
[BlackElo "2341"]
[PlyCount "107"]
[EventDate "2025.03.11"]
[EventType "swiss (blitz)"]
[EventRounds "11"]
[EventCountry "USA"]
[SourceTitle "CB12_2025"]
[SourceDate "2025.03.19"]
[SourceVersion "1"]
[SourceVersionDate "2025.03.19"]
[SourceQuality "1"]

1. e4 e5 2. Nf3 Nc6 3. Bb5 a6 4. Ba4 Nf6 5. Qe2 Be7 6. d3 b5 7. Bb3 0-0 8. c3 d5 9. h3 a5 10. Bg5 dxe4 11. dxe4 Ba6 12. Bxf6 Bxf6 13. a4 Rb8 14. axb5 Bxb5 15. Bc4 Bxc4 16. Qxc4 Qd6 17. Ra2 Rb6 18. Nbd2 Rfb8 19. b3 h6 20. 0-0 Bg5 21. Qe2 Bxd2 22. Nxd2 Qc5 23. Qf3 Rd8 24. Rfa1 Rb5 25. Kf1 Rd6 26. Ke2 Rd8 27. Qe3 Qe7 28. g3 Qe6 29. Ra4 Qxh3 30. Rc4 Qe6 31. Raa4 Rd7 32. Rc5 Rb6 33. Rac4 Qd6 34. Rd5 Qe6 35. Rdc5 Qd6 36. Rd5 Qe7 37. Qc5 Rxd5 38. exd5 Qxc5 39. Rxc5 Ne7 40. Rxa5 f6 41. c4 Rb7 42. Ra8+ Kf7 43. Kd3 Nf5 44. Kc3 Nd6 45. b4 Ke7 46. c5 Nf5 47. Nb3 c6 48. dxc6 Rc7 49. b5 Nd4 50. Nxd4 exd4+ 51. Kxd4 Ke6 52. Kc4 Ke5 53. Re8+ Kf5 54. Kd5 1-0

[Event "Titled Tuesday intern op 25th Feb Early"]
[Site "Chess.com INT"]
[Date "2025.02.25"]
[Round "7"]
[White "Balaji, Aaravamudhan"]
[Black "Langheinrich, Ferenc"]
[Result "1-0"]
[WhiteElo "2348"]
[BlackElo "2346"]
[PlyCount "89"]
[EventDate "2025.02.25"]
[EventType "swiss (blitz)"]
[EventRounds "11"]
[EventCountry "USA"]
[SourceTitle "CB10_2025"]
[SourceDate "2025.03.05"]
[SourceVersion "1"]
[SourceVersionDate "2025.03.05"]
[SourceQuality "1"]

1. a4 e5 2. g3 d5 3. Bg2 Nf6 4. d3 c6 5. Nf3 Bd6 6. 0-0 0-0 7. a5 Na6 8. Nc3 h6 9. e4 dxe4 10. Nxe4 Nxe4 11. dxe4 Be6 12. Qe2 Qe7 13. Nd2 Bc7 14. b3 Rfd8 15. Ba3 Bd6 16. Bb2 Bc7 17. Nc4 Qc5 18. Kh1 Bxc4 19. bxc4 Bxa5 20. f4 Bc7 21. fxe5 Bxe5 22. Rf5 Re8 23. Raf1 f6 24. Bh3 Rad8 25. Bc1 Qd4 26. Qg4 Kh7 27. Rh5 Qxc4 28. Qf5+ Kg8 29. Bxh6 Qf7 30. Bxg7 Qxg7 31. Rh4 Kf8 32. Rg4 Qh6 33. Rh4 Qg7 34. Rh7 Qg8 35. Qxf6+ Bxf6 36. Rxf6+ Qf7 37. Rfxf7+ Kg8 38. Rhg7+ Kh8 39. Bf5 Nc5 40. Rh7+ Kg8 41. Rfg7+ Kf8 42. Rf7+ Kg8 43. Rhg7+ Kh8 44. Rg5 Nxe4 45. Rh7# 1-0

[Event "Titled Tuesday intern op 25th Feb Early"]
[Site "Chess.com INT"]
[Date "2025.02.25"]
[Round "4"]
[White "Langheinrich, Ferenc"]
[Black "De Winter, Arthur"]
[Result "0-1"]
[WhiteElo "2346"]
[BlackElo "2447"]
[PlyCount "72"]
[EventDate "2025.02.25"]
[EventType "swiss (blitz)"]
[EventRounds "11"]
[EventCountry "USA"]
[SourceTitle "CB10_2025"]
[SourceDate "2025.03.05"]
[SourceVersion "1"]
[SourceVersionDate "2025.03.05"]
[SourceQuality "1"]

1. e4 c5 2. Nf3 Nc6 3. d4 cxd4 4. Nxd4 e5 5. Nb5 d6 6. c4 Be6 7. Be3 Nf6 8. N1c3 a6 9. Na3 g6 10. Be2 Bg7 11. 0-0 0-0 12. Rc1 Rc8 13. Qd2 Nd4 14. Bxd4 exd4 15. Qxd4 Nd5 16. Qd2 Nxc3 17. bxc3 Qa5 18. Nc2 Bxc3 19. Qxd6 Rfd8 20. Qg3 Bd2 21. Rcd1 Qxa2 22. Ne3 Bxe3 23. Qxe3 Bxc4 24. Bxc4 Qxc4 25. Rb1 b5 26. h4 h5 27. Rfc1 Qe6 28. Re1 Rc2 29. Rbc1 Rxc1 30. Rxc1 Ra8 31. e5 a5 32. Qe4 Rc8 33. Rd1 a4 34. Rd6 Rc1+ 35. Kh2 Qg4 36. Rd8+ Kg7 0-1

[Event "Titled Tuesday intern op 25th Feb Early"]
[Site "Chess.com INT"]
[Date "2025.02.25"]
[Round "8"]
[White "Starozhilov, Leonid"]
[Black "Langheinrich, Ferenc"]
[Result "1-0"]
[WhiteElo "2285"]
[BlackElo "2346"]
[PlyCount "131"]
[EventDate "2025.02.25"]
[EventType "swiss (blitz)"]
[EventRounds "11"]
[EventCountry "USA"]
[SourceTitle "CB10_2025"]
[SourceDate "2025.03.05"]
[SourceVersion "1"]
[SourceVersionDate "2025.03.05"]
[SourceQuality "1"]

1. e4 c6 2. Nc3 d5 3. Nf3 Bg4 4. h3 Bxf3 5. Qxf3 e6 6. g3 Nd7 7. Bg2 Bc5 8. d3 Ne7 9. 0-0 0-0 10. Qe2 b5 11. Kh2 b4 12. Nd1 e5 13. f4 exf4 14. gxf4 dxe4 15. dxe4 Ng6 16. Ne3 Qc7 17. Nf5 Rfe8 18. Qc4 a5 19. Bd2 Bf8 20. Rae1 Nb6 21. Qe2 Rad8 22. Bc1 Nd5 23. Qf3 Ndxf4 24. Bxf4 Qxf4+ 25. Qxf4 Nxf4 26. Rxf4 g6 27. Rg4 h5 28. Rg5 Kh7 29. Ne3 a4 30. Re2 a3 31. bxa3 bxa3 32. Ra5 Rb8 33. Nc4 Rb4 34. Nxa3 Bd6+ 35. e5 Bc7 36. Rc5 Bd6 37. exd6 Rxe2 38. Nc4 Rxc2 39. d7 Rb8 40. Rxc6 Rd8 41. Ne5 Rxa2 42. Rc8 Rxd7 43. Nxd7 Kg7 44. Rc7 Ra5 45. Kg3 Ra3+ 46. Bf3 g5 47. Kf2 h4 48. Ne5 Ra2+ 49. Be2 Kf6 50. Ng4+ Kg7 51. Kf3 Ra3+ 52. Ne3 Kg6 53. Bc4 f5 54. Rc6+ Kg7 55. Ra6 Rc3 56. Ra7+ Kg6 57. Ra6+ Kg7 58. Rc6 f4 59. Kg4 Rxe3 60. Kxg5 Rxh3 61. Rc7+ Kf8 62. Kf6 Ke8 63. Rc8+ Kd7 64. Be6+ Kd6 65. Bxh3 f3 66. Rc1 1-0

[Event "Staufer op 35th"]
[Site "Schwaebisch Gmuend"]
[Date "2025.01.06"]
[Round "9"]
[White "Hagner, Bennet"]
[Black "Langheinrich, Ferenc"]
[Result "1-0"]
[WhiteElo "2407"]
[BlackElo "2338"]
[PlyCount "43"]
[EventDate "2025.01.02"]
[EventType "swiss"]
[EventRounds "9"]
[EventCountry "GER"]
[SourceTitle "CB02_2025"]
[SourceDate "2025.01.08"]
[SourceVersion "1"]
[SourceVersionDate "2025.01.08"]
[SourceQuality "1"]

1. e4 d6 2. d4 Nf6 3. Nc3 g6 4. Be3 a6 5. Nf3 Bg7 6. Qd2 Bg4 7. 0-0-0 c6 8. Be2 b5 9. h3 Bxf3 10. Bxf3 d5 11. e5 Nfd7 12. h4 Nb6 13. b3 h6 14. e6 Qd6 15. Rhe1 a5 16. exf7+ Kf8 17. Bf4 Qa3+ 18. Kb1 N8d7 19. Re6 b4 20. Ne2 Kxf7 21. Qd3 Bf6 22. Rxf6+ 1-0

[Event "Staufer op 35th"]
[Site "Schwaebisch Gmuend"]
[Date "2025.01.02"]
[Round "2"]
[White "Langheinrich, Ferenc"]
[Black "Melestean, Timur"]
[Result "1/2-1/2"]
[WhiteElo "2338"]
[BlackElo "2157"]
[PlyCount "21"]
[EventDate "2025.01.02"]
[EventType "swiss"]
[EventRounds "9"]
[EventCountry "GER"]
[SourceTitle "CB02_2025"]
[SourceDate "2025.01.08"]
[SourceVersion "1"]
[SourceVersionDate "2025.01.08"]
[SourceQuality "1"]

1. e4 e5 2. Nf3 Nc6 3. g3 Nf6 4. d3 Bc5 5. Bg2 d6 6. 0-0 0-0 7. Nc3 a5 8. a4 Nd4 9. Nxd4 Bxd4 10. h3 Be6 11. Be3 1/2-1/2

[Event "Nordhausen op 14th"]
[Site "Nordhausen"]
[Date "2024.07.27"]
[Round "5"]
[White "Hartge, Gedeon"]
[Black "Langheinrich, Ferenc"]
[Result "1/2-1/2"]
[WhiteElo "2219"]
[BlackElo "2341"]
[PlyCount "76"]
[EventDate "2024.07.25"]
[EventType "swiss"]
[EventRounds "7"]
[EventCountry "GER"]
[SourceTitle "CBM 221 Extra"]
[Source "ChessBase"]
[SourceDate "2024.09.30"]
[SourceVersion "1"]
[SourceVersionDate "2024.09.30"]
[SourceQuality "1"]

1. d4 Nf6 2. c4 e6 3. Nc3 Bb4 4. e3 Bxc3+ 5. bxc3 b6 6. Bd3 Bb7 7. f3 d6 8. e4 Nc6 9. Ne2 Na5 10. Bg5 Qd7 11. Nc1 Ba6 12. e5 dxe5 13. dxe5 Ng8 14. Nb3 Bxc4 15. Be4 Bd5 16. Bxd5 Qxd5 17. Qxd5 exd5 18. Nxa5 bxa5 19. Rb1 h6 20. Bh4 Ne7 21. Rb5 c6 22. Rxa5 Kd7 23. Bxe7 Kxe7 24. Kd2 Rhb8 25. Kc2 Ke6 26. f4 Kf5 27. g3 Rb7 28. Rb1 Rxb1 29. Kxb1 g5 30. Ra4 a5 31. Kc2 c5 32. Kd3 Ra7 33. Ke3 gxf4+ 34. Rxf4+ Kxe5 35. Rh4 f5 36. Rxh6 Rb7 37. Ra6 Rb2 38. Rxa5 Rxh2 1/2-1/2

[Event "Usti nad Labem Chlumecky Blitz op"]
[Site "Usti nad Labem"]
[Date "2024.05.05"]
[Round "15"]
[White "Holy, Filip"]
[Black "Langheinrich, Ferenc"]
[Result "0-1"]
[WhiteElo "1942"]
[BlackElo "2360"]
[PlyCount "74"]
[EventDate "2024.05.05"]
[EventType "swiss (blitz)"]
[EventRounds "15"]
[EventCountry "CZE"]
[SourceTitle "CBM 220 Extra"]
[Source "ChessBase"]
[SourceDate "2024.07.31"]
[SourceVersion "1"]
[SourceVersionDate "2024.07.31"]
[SourceQuality "1"]

1. e4 c6 2. d4 d5 3. exd5 cxd5 4. c4 Nf6 5. Nc3 Nc6 6. Nf3 a6 7. Ne5 e6 8. Nxc6 bxc6 9. Bf4 Bd6 10. Qd2 Bxf4 11. Qxf4 0-0 12. Bd3 Qb6 13. 0-0-0 dxc4 14. Bxc4 Nd5 15. Bxd5 cxd5 16. h4 Bd7 17. h5 Rab8 18. Rd2 h6 19. g4 Rfc8 20. Rh3 f6 21. Rg3 a5 22. Qe3 a4 23. f4 a3 24. b3 Rxc3+ 25. Qxc3 Rc8 26. Kd1 Rxc3 27. Rxc3 Kf7 28. Ke2 Ke7 29. Rc5 Qa6+ 30. Kf2 Qd6 31. Kg3 Qa6 32. Kf2 Kd6 33. b4 Bb5 34. Rdc2 Bc4 35. Rc3 Qa4 36. b5 Bxb5 37. Rb3 Qxd4+ 0-1

[Event "Usti nad Labem Chlumecky Blitz op"]
[Site "Usti nad Labem"]
[Date "2024.05.05"]
[Round "1"]
[White "Papay, Jindrich"]
[Black "Langheinrich, Ferenc"]
[Result "0-1"]
[WhiteElo "1862"]
[BlackElo "2360"]
[PlyCount "58"]
[EventDate "2024.05.05"]
[EventType "swiss (blitz)"]
[EventRounds "15"]
[EventCountry "CZE"]
[SourceTitle "CBM 220 Extra"]
[Source "ChessBase"]
[SourceDate "2024.07.31"]
[SourceVersion "1"]
[SourceVersionDate "2024.07.31"]
[SourceQuality "1"]

1. f4 d5 2. Nf3 g6 3. g3 Bg7 4. Bg2 Nf6 5. d3 0-0 6. 0-0 c5 7. c3 Nc6 8. Qe1 d4 9. e4 dxe3 10. Bxe3 Bf5 11. Bxc5 Bxd3 12. Rf2 Ne4 13. Be3 Nxf2 14. Qxf2 Qc7 15. Na3 Rfd8 16. Re1 e6 17. Ng5 h6 18. Ne4 b6 19. Nd2 Rac8 20. Nab1 Ne7 21. Nb3 Nf5 22. Bd2 h5 23. h3 a5 24. g4 hxg4 25. hxg4 Nh6 26. Na3 a4 27. Nc1 Nxg4 28. Qg3 Qc5+ 29. Be3 Nxe3 0-1

[Event "Usti nad Labem Chlumecky Blitz op"]
[Site "Usti nad Labem"]
[Date "2024.05.05"]
[Round "11"]
[White "Vrana, Frantisek"]
[Black "Langheinrich, Ferenc"]
[Result "0-1"]
[WhiteElo "2073"]
[BlackElo "2360"]
[PlyCount "74"]
[EventDate "2024.05.05"]
[EventType "swiss (blitz)"]
[EventRounds "15"]
[EventCountry "CZE"]
[SourceTitle "CBM 220 Extra"]
[Source "ChessBase"]
[SourceDate "2024.07.31"]
[SourceVersion "1"]
[SourceVersionDate "2024.07.31"]
[SourceQuality "1"]

1. e4 c6 2. d4 d5 3. Nc3 dxe4 4. Nxe4 Nf6 5. Nxf6+ exf6 6. c3 Bd6 7. g3 0-0 8. Bg2 Re8+ 9. Ne2 Bg4 10. f3 Bf5 11. 0-0 Nd7 12. Bf4 Qc7 13. Bxd6 Qxd6 14. Re1 Nf8 15. Nf4 g5 16. Nd3 Rxe1+ 17. Nxe1 Re8 18. Qd2 Qe7 19. Kf2 Ng6 20. Bf1 h5 21. Bd3 Qd7 22. Bxf5 Qxf5 23. Qd3 Qh3 24. Kg1 h4 25. Qf1 Qf5 26. Kf2 hxg3+ 27. hxg3 Kg7 28. Qd3 Qh3 29. Ng2 f5 30. d5 f4 31. gxf4 Qxg2+ 32. Kxg2 Nxf4+ 33. Kg3 Nxd3 34. dxc6 bxc6 35. b3 Re2 36. Rd1 Nf4 37. Kg4 Kg6 0-1

[Event "Karlsruhe Grenke op"]
[Site "Karlsruhe"]
[Date "2024.03.30"]
[Round "5"]
[White "Langheinrich, Ferenc"]
[Black "Bluebaum, Matthias"]
[Result "0-1"]
[WhiteElo "2338"]
[BlackElo "2655"]
[PlyCount "74"]
[EventDate "2024.03.28"]
[EventType "swiss"]
[EventRounds "9"]
[EventCountry "GER"]
[SourceTitle "CBM 219 Extra"]
[Source "ChessBase"]
[SourceDate "2024.05.31"]
[SourceVersion "1"]
[SourceVersionDate "2024.05.31"]
[SourceQuality "1"]

1. b3 d5 2. Bb2 Bf5 3. d3 Nf6 4. Nd2 c5 5. g3 Nc6 6. Bg2 e5 7. e4 Be6 8. exd5 Nxd5 9. Ngf3 f6 10. 0-0 Be7 11. Qe2 0-0 12. c3 Nc7 13. Rad1 Qd7 14. Nc4 b5 15. Ne3 Bh3 16. Qc2 Bxg2 17. Kxg2 f5 18. d4 e4 19. Ne5 Nxe5 20. dxe5 Qe6 21. c4 f4 22. gxf4 Rxf4 23. cxb5 Qh6 24. Rd7 Rh4 25. Rg1 Rxh2+ 26. Kf1 Rf8 27. Ng4 Qh3+ 28. Ke1 Rh1 29. Qc4+ Kh8 30. Rxh1 Qxh1+ 31. Qf1 Qh4 32. Rxc7 Qxg4 33. Qe2 Qg1+ 34. Qf1 Qg6 35. Rxe7 e3 36. f4 Rd8 37. Bc3 Qb1+ 0-1

[Event "Werther Schloss op 27th"]
[Site "Werther"]
[Date "2024.03.24"]
[Round "7"]
[White "Langheinrich, Ferenc"]
[Black "Stemmler, Fabian"]
[Result "1-0"]
[WhiteElo "2338"]
[BlackElo "2147"]
[PlyCount "89"]
[EventDate "2024.03.21"]
[EventType "swiss"]
[EventRounds "7"]
[EventCountry "GER"]
[SourceTitle "CBM 219 Extra"]
[Source "ChessBase"]
[SourceDate "2024.05.31"]
[SourceVersion "1"]
[SourceVersionDate "2024.05.31"]
[SourceQuality "1"]

1. b3 d5 2. Bb2 Bf5 3. Nf3 Nf6 4. g3 h6 5. Bg2 e6 6. 0-0 Be7 7. c4 c6 8. d3 0-0 9. Nbd2 Bh7 10. Ne5 Nbd7 11. Nxd7 Nxd7 12. Qc2 a5 13. a3 Bf6 14. b4 Qe7 15. Qb3 a4 16. Qc2 Rfc8 17. Bxf6 Nxf6 18. c5 Ne8 19. e4 Nc7 20. Rfe1 Qf6 21. e5 Qf5 22. Re3 Nb5 23. Qb2 Qg5 24. Nf3 Qe7 25. Nd4 Nxd4 26. Qxd4 b5 27. f4 Re8 28. Rf1 Ra7 29. g4 f5 30. exf6 Qxf6 31. Re5 Rae7 32. h3 Kh8 33. Rf3 Qh4 34. Kh2 Bg8 35. Rh5 Qe1 36. Rxh6+ Bh7 37. Rh5 Qc1 38. f5 e5 39. Qf2 e4 40. dxe4 dxe4 41. Re3 Kg8 42. Re1 Qxa3 43. Qh4 Qxb4 44. Rxh7 Qxe1 45. Qh5 1-0

[Event "Werther Schloss op 27th"]
[Site "Werther"]
[Date "2024.03.23"]
[Round "5"]
[White "Langheinrich, Ferenc"]
[Black "Gallasch, Jonas"]
[Result "1/2-1/2"]
[WhiteElo "2338"]
[BlackElo "2291"]
[PlyCount "63"]
[EventDate "2024.03.21"]
[EventType "swiss"]
[EventRounds "7"]
[EventCountry "GER"]
[SourceTitle "CBM 219 Extra"]
[Source "ChessBase"]
[SourceDate "2024.05.31"]
[SourceVersion "1"]
[SourceVersionDate "2024.05.31"]
[SourceQuality "1"]

1. e4 c6 2. Nf3 d5 3. d3 dxe4 4. dxe4 Qxd1+ 5. Kxd1 Nf6 6. Nfd2 h5 7. h4 Be6 8. f3 Nfd7 9. Nc4 g6 10. c3 Bg7 11. Be3 Ne5 12. Nxe5 Bxe5 13. Nd2 Nd7 14. a4 f6 15. Kc2 Bc7 16. Nb3 0-0 17. Rd1 Rfd8 18. Be2 Bf7 19. f4 e5 20. f5 gxf5 21. exf5 Bb6 22. Rh3 Kf8 23. Bc1 a5 24. Rg3 Nc5 25. Rxd8+ Rxd8 26. Nxc5 Bxc5 27. Bh6+ Ke8 28. Rg7 Bf8 29. Rh7 Bxh6 30. Rxh6 Kf8 31. Rh8+ Bg8 32. Bc4 1/2-1/2